| Tag |
First Indicator |
Second Indicator |
Subfields |
| LEADER |
00000cam a2200000 a 4500 |
| 001 |
in00000019243 |
| 005 |
20151007054218.0 |
| 008 |
870810s1987 enk 00010 eng |
| 020 |
|
|
|a 0140432841
|
| 035 |
|
|
|a (OCoLC)16411590
|
| 035 |
|
|
|9 AAB4337AM
|
| 040 |
|
|
|a DLC
|c CZA
|d TXA
|d UtOrBLW
|
| 049 |
|
|
|a TXAM
|c [A12555262]
|
| 050 |
|
4 |
|a PR4854
|b .P97 1987
|
| 100 |
1 |
|
|a Kipling, Rudyard,
|d 1865-1936.
|
| 245 |
1 |
0 |
|a Puck of Pook's Hill /
|c Rudyard Kipling ; edited, with an introduction and notes, by Sarah Wintle.
|
| 264 |
|
1 |
|a Harmondsworth, Middlesex, England :
|b Penguin ;
|a New York :
|b Viking Penguin,
|c 1987.
|
| 300 |
|
|
|a 230 pages ;
|c 18 cm.
|
| 336 |
|
|
|a text
|b txt
|2 rdacontent
|
| 337 |
|
|
|a unmediated
|b n
|2 rdamedia
|
| 338 |
|
|
|a volume
|b nc
|2 rdacarrier
|
| 490 |
1 |
|
|a Penguin classics
|
| 500 |
|
|
|a Originally published by Doubleday in 1906.
|
| 700 |
1 |
|
|a Wintle, Sarah.
|
| 830 |
|
0 |
|a Penguin classics.
|
| 999 |
|
|
|a MARS
|
| 999 |
f |
f |
|s 90b096d2-65b1-353d-84ff-150eba3e0400
|i a19ff969-b2a7-3b0f-a8ac-161b82b1d1cb
|t 0
|
| 952 |
f |
f |
|p normal
|a Texas A&M University
|b College Station
|c Sterling C. Evans Library
|d Evans: Library Stacks
|t 0
|e PR4854 .P97 1987
|h Library of Congress classification
|i unmediated -- volume
|m A14816933616
|
| 998 |
f |
f |
|a PR4854 .P97 1987
|t 0
|l Evans: Library Stacks
|